<?xml version="1.0" encoding="UTF-8"?>
<record
    xmlns:xsi="http://www.w3.org/2001/XMLSchema-instance"
    xsi:schemaLocation="http://www.loc.gov/MARC21/slim http://www.loc.gov/standards/marcxml/schema/MARC21slim.xsd"
    xmlns="http://www.loc.gov/MARC21/slim">

  <leader>02170nam a22003137a 4500</leader>
  <controlfield tag="001">8527</controlfield>
  <controlfield tag="003">FISKH</controlfield>
  <controlfield tag="005">20250917160942.0</controlfield>
  <controlfield tag="008">250917b        cb ||||| |||| 00| 0 eng d</controlfield>
  <datafield tag="020" ind1=" " ind2=" ">
    <subfield code="a">9789996301308</subfield>
  </datafield>
  <datafield tag="040" ind1=" " ind2=" ">
    <subfield code="a">FISKH</subfield>
    <subfield code="b">khr</subfield>
    <subfield code="c">FISKH</subfield>
    <subfield code="d">FISKH</subfield>
  </datafield>
  <datafield tag="050" ind1=" " ind2=" ">
    <subfield code="a">PZ7</subfield>
  </datafield>
  <datafield tag="082" ind1=" " ind2=" ">
    <subfield code="a">800</subfield>
  </datafield>
  <datafield tag="100" ind1=" " ind2=" ">
    <subfield code="a">Kimsun, Sotheary</subfield>
  </datafield>
  <datafield tag="245" ind1=" " ind2=" ">
    <subfield code="a">&#x1794;&#x17D2;&#x179A;&#x17B6;&#x179F;&#x17B6;&#x1791;&#x1796;&#x17D2;&#x179A;&#x17A0;&#x17D2;&#x1798;&#x1780;&#x17B7;&#x179B; : </subfield>
    <subfield code="b">Prohm Kil temple / </subfield>
    <subfield code="c">&#x179A;&#x17C0;&#x1794;&#x179A;&#x17C0;&#x1784;&#x178A;&#x17C4;&#x1799; &#x17A2;&#x17D2;&#x1793;&#x1780;&#x179F;&#x17D2;&#x179A;&#x17B8; &#x1782;&#x17B9;&#x1798;&#x179F;&#x17CA;&#x17BB;&#x1793; &#x179F;&#x17BB;&#x1792;&#x17B6;&#x179A;&#x17B8;</subfield>
  </datafield>
  <datafield tag="260" ind1=" " ind2=" ">
    <subfield code="a">Phnom Penh : </subfield>
    <subfield code="b">Entry Meas Printing House , </subfield>
    <subfield code="c">2011.</subfield>
  </datafield>
  <datafield tag="300" ind1=" " ind2=" ">
    <subfield code="a">24 pages : </subfield>
    <subfield code="b">color illustrations ;</subfield>
    <subfield code="c">25 cm .</subfield>
  </datafield>
  <datafield tag="490" ind1=" " ind2=" ">
    <subfield code="a">&#x1796;&#x17B7;&#x1797;&#x1796;&#x179A;&#x17BF;&#x1784;&#x1793;&#x17B7;&#x1791;&#x17B6;&#x1793;&#x200B;</subfield>
  </datafield>
  <datafield tag="505" ind1=" " ind2=" ">
    <subfield code="a">P 
</subfield>
  </datafield>
  <datafield tag="520" ind1=" " ind2=" ">
    <subfield code="a">&#x1793;&#x17C5;&#x1783;&#x17BB;&#x17C6;&#x1785;&#x17BB;&#x1784;&#x1780;&#x17B6;&#x179B;&#x17CB; &#x179F;&#x17D2;&#x179A;&#x17BB;&#x1780;&#x179F;&#x17C6;&#x179A;&#x17C4;&#x1784;&#x1785;&#x17BB;&#x1784;&#x1780;&#x17B6;&#x179B;&#x17CB; &#x1781;&#x17C1;&#x178F;&#x17D2;&#x178F;&#x179F;&#x17C0;&#x1798;&#x179A;&#x17B6;&#x1794; &#x1798;&#x17B6;&#x1793;&#x1794;&#x17D2;&#x179A;&#x17B6;&#x179F;&#x17B6;&#x1791;&#x1794;&#x17BB;&#x179A;&#x17B6;&#x178E;&#x1798;&#x17BD;&#x1799;&#x17D4; &#x1794;&#x17D2;&#x179A;&#x17B6;&#x179F;&#x17B6;&#x1791;&#x1793;&#x17C4;&#x17C7;&#x1798;&#x17B6;&#x1793;&#x179F;&#x17D2;&#x179A;&#x17C7;&#x1796;&#x17B8;&#x179A;&#x1793;&#x17C5;&#x1780;&#x17D2;&#x1794;&#x17C2;&#x179A;&#x17D4; &#x178F;&#x17BD;&#x1794;&#x17D2;&#x179A;&#x17B6;&#x179F;&#x17B6;&#x1791;&#x1798;&#x17B6;&#x1793;&#x1780;&#x1798;&#x17D2;&#x1796;&#x179F;&#x17CB;&#x1794;&#x17D2;&#x179A;&#x17A0;&#x17C2;&#x179B; &#x17E5;,&#x17E5;&#x17E0;&#x1798; &#x1791;&#x17C6;&#x17A0;&#x17C6;&#x1794;&#x17D2;&#x179A;&#x17B6;&#x179F;&#x17B6;&#x1794;&#x17D2;&#x179A;&#x17A0;&#x17C2;&#x179B; &#x17E1;&#x17E5; &#x1791;&#x17C5; &#x17E1;&#x17E6; &#x1798;&#x17C9;&#x17C2;&#x178F;&#x17D2;&#x179A;&#x1794;&#x17BD;&#x1793;&#x1787;&#x17D2;&#x179A;&#x17BB;&#x1784; &#x1781;&#x17B6;&#x1784;&#x1780;&#x17D2;&#x1793;&#x17BB;&#x1784;&#x1794;&#x17D2;&#x179A;&#x17B6;&#x179F;&#x17B6;&#x1791;&#x1798;&#x17B6;&#x1793;&#x1790;&#x17D2;&#x1798;&#x1798;&#x17BD;&#x1799;&#x1795;&#x17C2;&#x1793;&#x178A;&#x17BC;&#x1785;&#x1787;&#x17B6;&#x1794;&#x179B;&#x17D2;&#x179B;&#x17D0;&#x1784;&#x17D2;&#x1780; &#x17D4; &#x1794;&#x17D2;&#x179A;&#x17B6;&#x179F;&#x17B6;&#x1791;&#x1793;&#x17C1;&#x17C7;&#x17A0;&#x17C5;&#x1790;&#x17B6; &#x1794;&#x17D2;&#x179A;&#x17B6;&#x179F;&#x17B6;&#x1791;&#x1796;&#x17D2;&#x179A;&#x17A0;&#x17D2;&#x1798;&#x1780;&#x17B7;&#x179B;&#x1793;&#x17C5;&#x1781;&#x17B6;&#x1784;&#x1787;&#x17BE;&#x1784;&#x179F;&#x17D2;&#x1791;&#x17B9;&#x1784;&#x1798;&#x17BD;&#x1799;&#x1785;&#x17C6;&#x1784;&#x17B6;&#x1799;&#x1794;&#x17D2;&#x179A;&#x17A0;&#x17C2;&#x179B; &#x17E1;&#x17E5;&#x17E0; &#x1798;&#x17C9;&#x17C2;&#x178F;&#x17D2;&#x179A; &#x17D4;</subfield>
  </datafield>
  <datafield tag="520" ind1=" " ind2=" ">
    <subfield code="a">At Chong Kal commune, Samroang Chong Kal district, Siem Reap province situated an ancient temple, where two ponds are nearby and whose body is 5.50 meters high and size is approxmatedly 15 to 16 in a four-sided figure. Inside the temple there is a stone which looks like a throne . The temple is called Prohm Kill, located about 150 meters in the north of the lake . </subfield>
  </datafield>
  <datafield tag="521" ind1="8" ind2=" ">
    <subfield code="a">650 
</subfield>
    <subfield code="b">Lexile estimate 
</subfield>
  </datafield>
  <datafield tag="521" ind1="8" ind2=" ">
    <subfield code="a">P 
</subfield>
    <subfield code="b">Raz-Plus 
</subfield>
  </datafield>
  <datafield tag="650" ind1=" " ind2=" ">
    <subfield code="a">&#x1794;&#x17D2;&#x179A;&#x17B6;&#x179F;&#x17B6;&#x1791;&#x1796;&#x17D2;&#x179A;&#x17A0;&#x17D2;&#x1798;&#x1780;&#x17B7;&#x179B;</subfield>
  </datafield>
  <datafield tag="650" ind1=" " ind2=" ">
    <subfield code="a">Prohm Kil temple </subfield>
  </datafield>
  <datafield tag="700" ind1=" " ind2=" ">
    <subfield code="a">Bunlim, Lang </subfield>
    <subfield code="e">Illustrator </subfield>
  </datafield>
  <datafield tag="942" ind1=" " ind2=" ">
    <subfield code="2">ddc</subfield>
    <subfield code="c">KHB</subfield>
    <subfield code="n">0</subfield>
  </datafield>
  <datafield tag="999" ind1=" " ind2=" ">
    <subfield code="c">8527</subfield>
    <subfield code="d">8527</subfield>
  </datafield>
  <datafield tag="952" ind1=" " ind2=" ">
    <subfield code="0">0</subfield>
    <subfield code="1">0</subfield>
    <subfield code="2">ddc</subfield>
    <subfield code="4">0</subfield>
    <subfield code="7">0</subfield>
    <subfield code="8">Khmer-English Bilingual </subfield>
    <subfield code="a">002</subfield>
    <subfield code="b">002</subfield>
    <subfield code="c">TTP Khmer</subfield>
    <subfield code="d">2025-09-17</subfield>
    <subfield code="l">0</subfield>
    <subfield code="o">SOT PZ7 800 </subfield>
    <subfield code="p">FIS04252</subfield>
    <subfield code="r">2025-09-17 16:09:38</subfield>
    <subfield code="t">1</subfield>
    <subfield code="w">2025-09-17</subfield>
    <subfield code="y">KHB</subfield>
  </datafield>
  <datafield tag="952" ind1=" " ind2=" ">
    <subfield code="0">0</subfield>
    <subfield code="1">0</subfield>
    <subfield code="2">ddc</subfield>
    <subfield code="4">0</subfield>
    <subfield code="7">0</subfield>
    <subfield code="8">Khmer-English Bilingual </subfield>
    <subfield code="a">002</subfield>
    <subfield code="b">002</subfield>
    <subfield code="c">TTP Khmer</subfield>
    <subfield code="d">2025-09-17</subfield>
    <subfield code="l">0</subfield>
    <subfield code="o">SOT PZ7 800 </subfield>
    <subfield code="p">FIS04989</subfield>
    <subfield code="r">2025-09-17 16:20:47</subfield>
    <subfield code="t">2</subfield>
    <subfield code="w">2025-09-17</subfield>
    <subfield code="y">KHB</subfield>
  </datafield>
  <datafield tag="952" ind1=" " ind2=" ">
    <subfield code="0">0</subfield>
    <subfield code="1">0</subfield>
    <subfield code="2">ddc</subfield>
    <subfield code="4">0</subfield>
    <subfield code="7">0</subfield>
    <subfield code="8">Khmer-English Bilingual </subfield>
    <subfield code="a">002</subfield>
    <subfield code="b">002</subfield>
    <subfield code="c">TTP Khmer</subfield>
    <subfield code="d">2025-09-30</subfield>
    <subfield code="l">0</subfield>
    <subfield code="o">SOT PZ7 800 </subfield>
    <subfield code="p">FIS05044</subfield>
    <subfield code="r">2025-09-30 12:09:26</subfield>
    <subfield code="t">3</subfield>
    <subfield code="w">2025-09-30</subfield>
    <subfield code="y">KHB</subfield>
  </datafield>
  <datafield tag="952" ind1=" " ind2=" ">
    <subfield code="0">0</subfield>
    <subfield code="1">0</subfield>
    <subfield code="2">ddc</subfield>
    <subfield code="4">0</subfield>
    <subfield code="7">0</subfield>
    <subfield code="8">Khmer-English Bilingual </subfield>
    <subfield code="a">002</subfield>
    <subfield code="b">002</subfield>
    <subfield code="c">TTP Khmer</subfield>
    <subfield code="d">2025-11-27</subfield>
    <subfield code="l">0</subfield>
    <subfield code="o">SOT PZ7 800 </subfield>
    <subfield code="p">2025-4951</subfield>
    <subfield code="r">2025-11-27 12:24:45</subfield>
    <subfield code="t">4</subfield>
    <subfield code="w">2025-11-27</subfield>
    <subfield code="y">KHB</subfield>
  </datafield>
  <datafield tag="952" ind1=" " ind2=" ">
    <subfield code="0">0</subfield>
    <subfield code="1">0</subfield>
    <subfield code="2">ddc</subfield>
    <subfield code="4">0</subfield>
    <subfield code="7">0</subfield>
    <subfield code="8">Khmer-English Bilingual </subfield>
    <subfield code="a">002</subfield>
    <subfield code="b">002</subfield>
    <subfield code="c">TTP Khmer</subfield>
    <subfield code="d">2025-12-05</subfield>
    <subfield code="l">0</subfield>
    <subfield code="o">SOT PZ7 800 </subfield>
    <subfield code="p">2025-5067</subfield>
    <subfield code="r">2025-12-05 15:49:41</subfield>
    <subfield code="t">5</subfield>
    <subfield code="w">2025-12-05</subfield>
    <subfield code="y">KHB</subfield>
  </datafield>
  <datafield tag="952" ind1=" " ind2=" ">
    <subfield code="0">0</subfield>
    <subfield code="1">0</subfield>
    <subfield code="2">ddc</subfield>
    <subfield code="4">0</subfield>
    <subfield code="7">0</subfield>
    <subfield code="8">Khmer-English Bilingual </subfield>
    <subfield code="a">002</subfield>
    <subfield code="b">002</subfield>
    <subfield code="c">TTP Khmer</subfield>
    <subfield code="d">2025-12-12</subfield>
    <subfield code="l">0</subfield>
    <subfield code="o">SOT PZ7 800 </subfield>
    <subfield code="p">FIS04983</subfield>
    <subfield code="r">2025-12-12 10:26:59</subfield>
    <subfield code="t">6</subfield>
    <subfield code="w">2025-12-12</subfield>
    <subfield code="y">KHB</subfield>
  </datafield>
</record>
